Top 22 AFL Fantasy Scoring Games 2025 (As of Round 16) - Statistics

General Stats
  • This quiz has been taken 57 times
    39 since last reset
  • The average score is 17 of 22
Answer Stats
Team Score Answer % Correct
Melbourne 158 Max Gawn
97%
Geelong 149 Bailey Smith
90%
Geelong 147 Bailey Smith
90%
Fremantle 146 Caleb Serong
90%
North Melbourne 155 Tristan Xerri
90%
Essendon 149 Zach Merrett
90%
Hawthorn 142 Jai Newcombe
86%
St Kilda 158 Rowan Marshall
86%
St Kilda 142 Rowan Marshall
86%
Western Bulldogs 145 Tim English
86%
Port Adelaide 145 Connor Rozee
79%
Essendon 166 Nic Martin
79%
Fremantle 144 Luke Jackson
76%
Geelong 146 Max Holmes
76%
GWS Giants 143 Lachie Whitfield
72%
Western Bulldogs 154 Bailey Dale
69%
Richmond 150 Toby Nankervis
69%
Western Bulldogs 142 Tom Liberatore
66%
Essendon 146 Jye Caldwell
62%
Brisbane 152 Hugh McCluggage
55%
St Kilda 153 Jack Macrae
48%
Geelong 149 Zach Guthrie
21%
No matching quizzes found
Score Distribution
Percent of People with Each Score
Percentile by Number Answered
Your Score History
You have not taken this quiz since the last reset